| 000 | 00538nam a22001457a 4500 | ||
|---|---|---|---|
| 005 | 20241212092552.0 | ||
| 008 | 240923b ||||| |||| 00| 0 eng d | ||
| 082 | _2DPer050 M72 January-March 2018 v. 66 no. 8-10 | ||
| 100 |
_aMagno, Elma L. _eauthor. _961390 |
||
| 245 |
_aHow to get pupils' attention and full concentration / _cElma L. Magno. |
||
| 260 |
_aPhilippines; _bPublishers Association of the Philippines, Inc., _cJune 2018. |
||
| 300 | _aVolume 66, pages 14. | ||
| 700 |
_aMagno, Elma L. _eauthor. _961390 |
||
| 942 |
_2ddc _cPER |
||
| 999 |
_c21771 _d21771 |
||